| 000 | 00753nam a22001932i 4500 | ||
|---|---|---|---|
| 001 | 156494 | ||
| 003 | ES-MaACL | ||
| 005 | 20230906210425.0 | ||
| 008 | 940720s1892 fr |||| | spa d | ||
| 040 |
_aCAT _bspa _cCAT _dCCPB |
||
| 080 | _a615 | ||
| 100 | 1 |
_aJudet, A. _9128390 |
|
| 245 | 1 | 0 |
_aDel empleo terapéutico de la peptona-fosfatada en la tuberculosis y en las enfermedades de consunción / _cpor el doctor A. Judet ; seguido de un extracto de la Gaceta de los Hospitales. |
| 260 |
_aParis : _b49, Rue de Maubeuge, _c1892. |
||
| 300 |
_a8 p. ; _c21 cm. |
||
| 650 | 4 |
_aTuberculosis- _xTratamiento. _9151845 |
|
| 852 |
_aES-MaACL _jT-716-F-4 _z-- Enc. hol., conservando la enc. editorial _z-- Enc. en un vol. facticio |
||
| 999 |
_c156494 _d156494 |
||